Teoría general de los títulos-valores en el derecho chileno

Gardado en:
Detalles Bibliográficos
Autor Principal: Lara Aguayo, Edinson Antonio (Author)
Formato: Libro
Idioma:Lingua castelá
Publicado: Santiago Legal Publishing 2013
Subjects:
Tags: Engadir etiqueta
Sen Etiquetas, Sexa o primeiro en etiquetar este rexistro!

MARC

LEADER 00000cam a2200000 a 4500
001 UCF6139
003 CL-VaPUC
008 130411e20130200CL |||||||||||||||||spa|d
020 |a 9789563462999 
082 0 4 |a 346.096  |b LAR  |2 21 
100 |a Lara Aguayo, Edinson Antonio  |e author  |9 596899 
245 1 0 |a Teoría general de los títulos-valores en el derecho chileno 
300 |a 231 p 
942 |c BK 
945 |d 20130411 00:00:00  |a dcastane 
260 |a Santiago  |b Legal Publishing  |c 2013 
650 7 |a TITULOS DE CREDITOS  |2 CL-VaPUC  |9 382197 
650 7 |a LETRA DE CAMBIO  |2 CL-VaPUC  |9 257958 
650 7 |a PAGARE  |2 CL-VaPUC  |9 257957 
650 0 |a Cheques  |9 254910 
650 0 |a Derecho comercial   |9 256340 
583 |a last modification  |c 20130411 10:22:00  |k Rodrigo Vera 
999 |c 351459  |d 351457 
952 |0 0  |1 0  |4 0  |6 346_096000000000000_LAR_2013  |7 0  |8 A  |9 455590  |a BIBDER  |b BIBDER  |d 2019-11-22  |i 4963873  |l 3  |o 346.096 LAR 2013  |p 4963873  |r 2025-05-05  |s 2025-05-05  |w 2019-11-22  |y BK  |k DER